| 000 | 00525nam a22001697a 4500 | ||
|---|---|---|---|
| 005 | 20251108165000.0 | ||
| 008 | 250721s2000 xx 000 0 ara d | ||
| 082 | 1 | 4 | _a657.48/مبا |
| 100 | 1 | _aالشريف، عليان | |
| 245 | 1 | 0 | _aمبادئ المحاسبة المالية / |
| 264 | 1 |
_aعمان : _bدار المسيرة للنشر و التوزيع و الطباعة، _c2000. |
|
| 300 | _aج1. | ||
| 650 | 1 | 7 | _aالمحاسبة |
| 650 | 1 | 7 | _aالمحاسبة المالية |
| 942 |
_2ddc _cBK |
||
| 999 |
_c19032 _d19032 |
||